Statistieken voor Hoofdsteden van de wereld

Klik hier om de quiz te nemen!

Algemene statistieken

  • Deze quiz is 8.196 keer genomen
    (8.143 sinds de laatste reset)
  • De gemiddelde score is 81 van 196

Antwoordstatistieken

CountryCapital% Correct
BelgiëBrussel
96%
DuitslandBerlijn
95%
FrankrijkParijs
94%
NederlandAmsterdam
94%
ItaliëRome
93%
SpanjeMadrid
90%
Verenigd KoninkrijkLonden
90%
GriekenlandAthene
88%
LuxemburgLuxemburg
88%
NoorwegenOslo
87%
DenemarkenKopenhagen
86%
RuslandMoskou
86%
IerlandDublin
85%
PortugalLissabon
85%
FinlandHelsinki
82%
VaticaanstadVaticaanstad
82%
OostenrijkWenen
82%
MonacoMonaco
80%
ZwedenStockholm
80%
Verenigde StatenWashington D.C.
80%
TsjechiëPraag
79%
PolenWarschau
79%
ZwitserlandBern
78%
HongarijeBoedapest
78%
JapanTokio
75%
BulgarijeSofia
75%
ChinaPeking
74%
IJslandReykjavik
74%
OekraïneKiev
74%
MexicoMexico-Stad
73%
RoemeniëBoekarest
73%
San MarinoSan Marino
72%
AndorraAndorra la Vella
70%
KroatiëZagreb
70%
BraziliëBrasilia
68%
LetlandRiga
66%
TurkijeAnkara
65%
Zuid-AfrikaPretoria / Bloemfontein / Kaapstad
64%
EgypteCaïro
63%
AustraliëCanberra
63%
Noord-MacedoniëSkopje
62%
EstlandTallinn
62%
Zuid-KoreaSeoel
61%
BelarusMinsk
61%
ArgentiniëBuenos Aires
61%
IsraëlJeruzalem
60%
Bosnië &
Herzegovina
Sarajevo
58%
AlbaniëTirana
58%
IndiaNew Delhi
58%
IndonesiëJakarta
57%
LitouwenVilnius
57%
CubaHavana
56%
IrakBagdad
56%
PeruLima
56%
SingaporeSingapore
55%
CanadaOttawa
54%
SurinameParamaribo
54%
SlowakijeBratislava
53%
ThailandBangkok
53%
PanamaPanama-Stad
53%
MaltaValletta
52%
ServiëBelgrado
52%
IranTeheran
51%
ChiliSantiago
51%
SloveniëLjubljana
50%
Nieuw-ZeelandWellington
50%
UruguayMontevideo
49%
MarokkoRabat
49%
AlgerijeAlgiers
48%
AfghanistanKabul
47%
ColombiaBogota
46%
TunesiëTunis
46%
FilipijnenManilla
46%
Noord-KoreaPyongyang
46%
LiechtensteinVaduz
46%
BangladeshDhaka
46%
JamaicaKingston
44%
St. Vincent & de
Grenadines
Kingstown
44%
SyriëDamascus
44%
VietnamHanoi
43%
CyprusNicosia
42%
VenezuelaCaracas
42%
KosovoPristina
42%
PakistanIslamabad
42%
KoeweitKoeweit
41%
Democratische Republiek CongoKinshasa
41%
BoliviaLa Paz / Sucre
41%
Verenigde Arabische
Emiraten
Abu Dhabi
41%
MaleisiëKuala Lumpur
41%
MoldaviëChisinau
39%
EcuadorQuito
39%
AzerbeidzjanBakoe
39%
KeniaNairobi
38%
MontenegroPodgorica
37%
El SalvadorSan Salvador
36%
TaiwanTaipei
36%
KazachstanNur-Sultan
36%
NepalKathmandu
35%
NamibiëWindhoek
35%
LibanonBeiroet
35%
HaïtiPort-au-Prince
35%
LibiëTripoli
34%
Republiek CongoBrazzaville
34%
GeorgiëTbilisi
33%
SenegalDakar
33%
GuatemalaGuatemala-Stad
33%
QatarDoha
32%
MongoliëUlaanbaatar
32%
DjiboutiDjibouti
32%
ArmeniëJerevan
32%
MadagaskarAntananarivo
31%
JordaniëAmman
31%
Saoedi-ArabiëRiyad
31%
EthiopiëAddis Abeba
30%
Costa RicaSan José
30%
JemenSanaa
30%
CambodjaPhnom Penh
30%
GuyanaGeorgetown
30%
ParaguayAsuncion
29%
Sri LankaSri
Jayewardenapura
Kotte
29%
Bahama'sNassau
28%
GhanaAccra
28%
Burkina FasoOuagadougou
27%
Sierra LeoneFreetown
27%
MaldivenMalé
27%
AngolaLuanda
26%
NicaraguaManagua
26%
Dominicaanse
Republiek
Santo Domingo
25%
Trinidad & TobagoPort of Spain
24%
Guinee-BissauBissau
24%
BelizeBelmopan
24%
LaosVientiane
23%
BahreinManamah
23%
Sao Tomé & PrincipeSao Tomé
23%
SomaliëMogadishu
23%
Oost-TimorDili
22%
OmanMasqat
22%
GabonLibreville
21%
OegandaKampala
21%
HondurasTegucigalpa
21%
SoedanKhartoem
21%
BhutanThimphu
21%
LiberiaMonrovia
20%
NigeriaAbuja
20%
ZimbabweHarare
20%
RwandaKigali
20%
BruneiBandar Seri
Begawan
20%
BeninPorto-Novo / Cotonou
20%
MaliBamako
19%
TogoLomé
19%
KameroenYaoundé
19%
FijiSuva
19%
SeychellenVictoria
19%
OezbekistanTasjkent
19%
Papoea-Nieuw-
Guinea
Port Moresby
19%
BarbadosBridgetown
19%
Antigua & BarbudaSaint John's
19%
KirgiziëBisjkek
19%
EritreaAsmara
18%
TanzaniaDodoma
18%
BotswanaGaborone
18%
KaapverdiëPraia
18%
GambiaBanjul
18%
ZambiaLusaka
17%
MalawiLilongwe
17%
NigerNiamey
17%
MozambiqueMaputo
17%
GrenadaSaint George's
17%
Centraal-Afrikaanse
Republiek
Bangui
17%
Zuid-SoedanDjoeba
17%
GuineeConakry
17%
IvoorkustYamoussoukro
17%
DominicaRoseau
17%
St. LuciaCastries
16%
MauritaniëNouakchott
16%
MauritiusPort Louis
16%
ComorenMoroni
16%
TsjaadNdjamena
16%
St. Kitts & NevisBasseterre
16%
TadzjikistanDoesjanbe
15%
MyanmarNaypyidaw
15%
VanuatuPort Vila
15%
eSwatiniMbabane
15%
BurundiGitega
15%
LesothoMaseru
15%
Equatoriaal-GuineaMalabo
14%
NauruYaren
14%
SamoaApia
14%
TuvaluFunafuti
13%
TurkmenistanAsjchabad
13%
TongaNuku'alofa
13%
KiribatiZuid-Tarawa
13%
MarshalleilandenMajuro
13%
MicronesiaPalikir
13%
SalomonseilandenHoniara
12%
PalauNgerulmud
12%

Scoreverdeling

Percentiel versus Aantal Correcte Antwoorden

Procent van Mensen met Elke Score

Uw Scoregeschiedenis

U heeft deze quiz nog niet genomen sinds de laatste reset